| 000 | 00834nam2a2200205 4500 | ||
|---|---|---|---|
| 001 | RU\NLR\PER_A\003156748_002090 | ||
| 005 | 20250624074449.0 | ||
| 035 | _a(NLR Aleph) 012581549 | ||
| 090 |
_a12523315 _c12523315 |
||
| 100 | _a20210818d2016 |||y0rusy50 ca | ||
| 101 | 0 | _arus | |
| 102 | _aRU | ||
| 200 | 0 | _a2016, № 7 (217) | |
| 210 |
_d2016 _aБ. м. |
||
| 461 | 0 |
_1001RU\NLR\INFOCOMM16\1000020107 _12001#$aGeo$eНепознан. мир: Земля$eЕжемес. журн.$fУчредитель: Грунер + ЯрЗАО$v2016, № 7 (217) _93061667 _cМ. _d1998- _fУчредитель: Грунер + ЯрЗАО _nГрунер + ЯрЗАО _oНепознан. мир: Земля : Ежемес. журн. _tGeo _x1029-5828 _v2016, № 7 (217) |
|
| 852 |
_aNLR _jП23/4418 |
||
| 942 | _cISSUE | ||
| 980 | _aNB | ||
| 980 | _aRUSPER | ||